00407nam a2200145Ia 4500008004100000020001500041041001200056082001600068100001700084245007800101260004000179300000800219650001500227700001900242221030s9999 xx 000 0 und d a0070506167 aEnglish a105.23bPot aM. C. Potter 0aSchaum`s Outline Series - Theory & Problems of Engineering Thermodynamics bMcGraw - Hill Pub.aNew Delhic1993 a355 aMechanical aC. W. Somerton